| 000 | 00784nas a2200253Ia 4500 | ||
|---|---|---|---|
| 001 | R109/F3119 | ||
| 003 | IT-RoPAU | ||
| 008 | 151124c99999999xx |||||||||||| ||und|| | ||
| 040 | _aIT-RoPAU | ||
| 040 | _cIT-RoPAU | ||
| 041 | _aFRANCESE | ||
| 100 |
_aDelaporte Francois _gCodice Aut. SPICS: 50816 |
||
| 210 | _aCOMMUNICATIONS | ||
| 222 | _aCommunications | ||
| 245 |
_aCOMMUNICATIONS, N.66 (1998) _bCholera (Le): Present Et Passe' |
||
| 250 | _a1a ed. | ||
| 260 |
_aPARIS _bSEUIL _c1998 |
||
| 501 |
_bPaulus - SPICS - Società San Paolo EM (non-commercial uses only) _cCopyright2015 |
||
| 300 | _a11 p. [75-85] | ||
| 362 | _aN.66 (1998) | ||
| 500 | _aRiflessioni Sul Colera nel Presente e nel Passato. | ||
| 650 |
_aCOMUNICAZIONE _vPUBBLICAZIONE PERIODICA |
||
| 942 | _cCR | ||
| 999 |
_c203370 _d203370 |
||